Normal view
MARC view
- Salari ,Syed Mubashir Ullah
Entry Personal Name
001 - CONTROL NUMBER
- control field: 121413
003 - CONTROL NUMBER IDENTIFIER
- control field: NUST
005 - DATE AND TIME OF LATEST TRANSACTION
- control field: 20240227103544.0
008 - FIXED-LENGTH DATA ELEMENTS
- fixed length control field: 240227|| aca||aabn | a|a d
040 ## - CATALOGING SOURCE
- Original cataloging agency: NUST
- Transcribing agency: NUST
100 ## - HEADING--PERSONAL NAME
- Personal name: Salari ,Syed Mubashir Ullah
670 ## - SOURCE DATA FOUND
- Source citation: Work cat.: (NUST): Salari ,Syed Mubashir Ullah , Impact Analysis of Different Damping Materials In Bumper Beam Assembly /
